00394 2200169 4500001002100000008004100021035002000062245003400082100001400116250000600130260002800136300001200164084001400176082000800190650001400198990001200212INLIS000000000001105 ind  a0010-0524000340 aKontroversi GanjarcIsdiyanto aIsdiyanto a1 aJakarta :bKompasc2016 a344 hlm a900 ISD k a900 aNon Fiksi a0744083